| 000 | 03639nam a22006255i 4500 | ||
|---|---|---|---|
| 001 | 978-3-319-48953-7 | ||
| 003 | DE-He213 | ||
| 005 | 20210118150955.0 | ||
| 007 | cr nn 008mamaa | ||
| 008 | 161209s2017 gw | s |||| 0|eng d | ||
| 020 |
_a9783319489537 _9978-3-319-48953-7 |
||
| 024 | 7 |
_a10.1007/978-3-319-48953-7 _2doi |
|
| 050 | 4 | _aQ342 | |
| 072 | 7 |
_aUYQ _2bicssc |
|
| 072 | 7 |
_aTEC009000 _2bisacsh |
|
| 072 | 7 |
_aUYQ _2thema |
|
| 082 | 0 | 4 |
_a006.3 _223 |
| 100 | 1 |
_aT. Atanassov, Krassimir. _eauthor. _4aut _4http://id.loc.gov/vocabulary/relators/aut |
|
| 245 | 1 | 0 |
_aIntuitionistic Fuzzy Logics _h[electronic resource] / _cby Krassimir T. Atanassov. |
| 250 | _a1st ed. 2017. | ||
| 264 | 1 |
_aCham : _bSpringer International Publishing : _bImprint: Springer, _c2017. |
|
| 300 |
_aIX, 138 p. 34 illus. _bonline resource. |
||
| 336 |
_atext _btxt _2rdacontent |
||
| 337 |
_acomputer _bc _2rdamedia |
||
| 338 |
_aonline resource _bcr _2rdacarrier |
||
| 347 |
_atext file _bPDF _2rda |
||
| 490 | 1 |
_aStudies in Fuzziness and Soft Computing, _x1434-9922 ; _v351 |
|
| 505 | 0 | _aElements of Intuitionistic Fuzzy Propositional Calculus -- Intuitionistic Fuzzy Predicate Logic -- Intuitionistic Fuzzy Modal Logics -- Temporal and Multidimensional Intuitionistic Fuzzy Logics -- Conclusion. | |
| 520 | _aThe book offers a comprehensive survey of intuitionistic fuzzy logics. By reporting on both the author’s research and others’ findings, it provides readers with a complete overview of the field and highlights key issues and open problems, thus suggesting new research directions. Starting with an introduction to the basic elements of intuitionistic fuzzy propositional calculus, it then provides a guide to the use of intuitionistic fuzzy operators and quantifiers, and lastly presents state-of-the-art applications of intuitionistic fuzzy sets. The book is a valuable reference resource for graduate students and researchers alike. | ||
| 650 | 0 | _aComputational intelligence. | |
| 650 | 0 | _aMathematical logic. | |
| 650 | 0 | _aArtificial intelligence. | |
| 650 | 0 | _aOperations research. | |
| 650 | 0 | _aManagement science. | |
| 650 | 1 | 4 |
_aComputational Intelligence. _0http://scigraph.springernature.com/things/product-market-codes/T11014 |
| 650 | 2 | 4 |
_aMathematical Logic and Foundations. _0http://scigraph.springernature.com/things/product-market-codes/M24005 |
| 650 | 2 | 4 |
_aArtificial Intelligence. _0http://scigraph.springernature.com/things/product-market-codes/I21000 |
| 650 | 2 | 4 |
_aOperations Research, Management Science. _0http://scigraph.springernature.com/things/product-market-codes/M26024 |
| 710 | 2 | _aSpringerLink (Online service) | |
| 773 | 0 | _tSpringer eBooks | |
| 776 | 0 | 8 |
_iPrinted edition: _z9783319489520 |
| 776 | 0 | 8 |
_iPrinted edition: _z9783319489544 |
| 776 | 0 | 8 |
_iPrinted edition: _z9783319840550 |
| 830 | 0 |
_aStudies in Fuzziness and Soft Computing, _x1434-9922 ; _v351 |
|
| 856 | 4 | 0 | _uhttps://doi.org/10.1007/978-3-319-48953-7 |
| 912 | _aZDB-2-ENG | ||
| 999 |
_c452515 _d452515 |
||
| 942 | _cEB | ||
| 506 | _aAvailable to subscribing member institutions only. Доступно лише організаціям членам підписки. | ||
| 506 | _fOnline access from local network of NaUOA. | ||
| 506 | _fOnline access with authorization at https://link.springer.com/ | ||
| 506 | _fОнлайн-доступ з локальної мережі НаУОА. | ||
| 506 | _fОнлайн доступ з авторизацією на https://link.springer.com/ | ||